000 00236nam a22000977a 4500
008 160405b xxu||||| |||| 00| 0 eng d
082 _a622.2
_bP814w
100 _aPopov, G
245 _aThe Working of mineral deposits.
942 _2ddc
_cGEN
999 _c77859
_d77848